[Event "GER-chT U14 Girls"]
[Site "Regensburg"]
[Date "2014.12.27"]
[Round "1.1"]
[White "Hausmann, Sarah"]
[Black "Moses, Selina"]
[Result "1/2-1/2"]
[WhiteElo "1364"]
[BlackElo "1803"]
[PlyCount "97"]
[EventDate "2014.12.27"]
[EventType "team-swiss"]
[EventRounds "7"]
[EventCountry "GER"]
[SourceTitle "EXT 2016"]
[Source "ChessBase"]
[SourceDate "2015.10.08"]
[SourceVersion "1"]
[SourceVersionDate "2015.10.08"]
[SourceQuality "1"]
[WhiteTeam "Graefelfing"]
[BlackTeam "Wilkau Hasslau Muldental"]
[WhiteTeamCountry "GER"]
[BlackTeamCountry "GER"]

1. e4 c5 2. Nf3 d6 3. Be2 Nf6 4. d3 e6 5. h3 Nbd7 6. Be3 Qc7 7. c3 Be7 8. Nbd2 d5 9. 0-0 0-0 10. Qb1 dxe4 11. Nxe4 Nxe4 12. dxe4 b6 13. Rd1 Bb7 14. Bd3 h6 15. Qc1 c4 16. Bc2 Nc5 17. Bxh6 Nxe4 18. Bf4 Qc5 19. Qe3 Qxe3 20. Bxe3 Rfd8 21. Ne5 Nc5 22. Nxc4 f6 23. Nd2 Kf7 24. Nb3 Na4 25. Rxd8 Rxd8 26. Rb1 Bd5 27. Nc1 Nc5 28. b3 Be4 29. Bxe4 Nxe4 30. Ne2 e5 31. f3 Nc5 32. c4 Rd3 33. Bf2 Rd2 34. Nc3 Rc2 35. Nd5 Nd3 36. Be3 Rxa2 37. Nxe7 Kxe7 38. b4 Rb2 39. Rxb2 Nxb2 40. c5 bxc5 41. Bxc5+ Kd7 42. Bxa7 Kc6 43. Bc5 Nd3 44. Bf8 g6 45. Kf1 Kb5 46. Ke2 Nf4+ 47. Kf2 Nd3+ 48. Ke2 Nf4+ 49. Kf2 1/2-1/2

[Event "Dresden ZMD op-B 23rd"]
[Site "Dresden"]
[Date "2014.08.18"]
[Round "4"]
[White "Zienert, Richard"]
[Black "Moses, Selina"]
[Result "1-0"]
[WhiteElo "1868"]
[BlackElo "1784"]
[PlyCount "113"]
[EventDate "2014.08.15"]
[EventType "swiss"]
[EventRounds "9"]
[EventCountry "GER"]
[SourceTitle "EXT 2024"]
[Source "ChessBase"]
[SourceDate "2023.10.10"]
[SourceVersion "1"]
[SourceVersionDate "2023.10.10"]
[SourceQuality "1"]

1. e4 c5 2. Nf3 d6 3. d4 cxd4 4. Nxd4 Nf6 5. Nc3 a6 6. Be3 e6 7. f3 b5 8. Qd2 Bb7 9. 0-0-0 Nbd7 10. Bd3 Rc8 11. Rhe1 Ne5 12. Bg5 Be7 13. f4 Nc4 14. Bxc4 bxc4 15. e5 dxe5 16. fxe5 Nd5 17. Bxe7 Qxe7 18. Nf5 exf5 19. Nxd5 Bxd5 20. Qxd5 c3 21. e6 cxb2+ 22. Kb1 0-0 23. Qd7 Qc5 24. Rd2 fxe6 25. Qxe6+ Kh8 26. Qxa6 Ra8 27. Qe6 Qa5 28. Red1 Ra6 29. Qf7 Raa8 30. Qc4 h6 31. Rd5 Qa7 32. Rd7 Qf2 33. Qd4 Qxd4 34. R7xd4 Kh7 35. Rb4 Rf6 36. Rxb2 Rg6 37. g3 h5 38. c4 Rc6 39. Rc1 h4 40. Rb4 hxg3 41. hxg3 Ra3 42. Rb3 Ra4 43. c5 Ra5 44. Rbc3 Rb5+ 45. Ka1 Kg6 46. Rc4 Kf6 47. a4 Ra5 48. Kb2 Ke5 49. Kb3 Kd5 50. Kb4 Rca6 51. Rd1+ Ke6 52. Rd6+ Rxd6 53. Kxa5 Rc6 54. Kb5 Rc8 55. c6 Kd5 56. c7 g5 57. Rc1 1-0